书目信息 |
| 题名: |
中国农业减缓气候变化对策与关键技术
|
|
| 作者: | 李虎 著 | |
| 分册: | ||
| 出版信息: | 北京 中国农业科学技术出版社 2017.12 |
|
| 页数: | 158页 | |
| 开本: | 24cm | |
| 丛书名: | ||
| 单 册: | ||
| 中图分类: | S162 , P467 | |
| 科图分类: | ||
| 主题词: | 气候变化--影响--农业--研究--中国 , 气候学 | |
| 电子资源: | ||
| ISBN: | 978-7-5116-3393-4 | |
| 000 | 00890nam0 2200253 450 | |
| 001 | 79 | |
| 005 | 20180920171646.53 | |
| 010 | @a978-7-5116-3393-4@dCNY50.00 | |
| 100 | @a20180612d2017 em y0chiy50 ea | |
| 101 | 0 | @achi |
| 102 | @aCN@b110000 | |
| 105 | @aa z 000yy | |
| 200 | 1 | @a中国农业减缓气候变化对策与关键技术@9zhong guo nong ye jian huan qi hou bian hua dui ce yu guan jian ji shu@f李虎等著 |
| 210 | @a北京@c中国农业科学技术出版社@d2017.12 | |
| 215 | @a158页@c图@d24cm | |
| 304 | @a著者还有:李建政、王虹扬、王立刚等 | |
| 330 | @a本书是在多年科学试验和生产实践的基础上完成的,拟从理论、技术和政策等多层面出发,探讨我国农业生产减排的对策与关键技术问题。 | |
| 606 | 0 | @a气候变化@x影响@x农业@x研究@y中国 |
| 606 | 0 | @a气候学 |
| 690 | @aS162@v5 | |
| 690 | @aP467@v4 | |
| 701 | 0 | @a李虎@9li hu@c(农业科学)@4著 |
| 801 | 0 | @aCN@b91MARC@c20180612 |
| 905 | @aMuseLib@dP467@e102 | |
| 中国农业减缓气候变化对策与关键技术/李虎等著.-北京:中国农业科学技术出版社,2017.12 |
| 158页:图;24cm |
| ISBN 978-7-5116-3393-4:CNY50.00 |
| 本书是在多年科学试验和生产实践的基础上完成的,拟从理论、技术和政策等多层面出发,探讨我国农业生产减排的对策与关键技术问题。 |
| ● |
| 相关链接 |
|
|
|
|
正题名:中国农业减缓气候变化对策与关键技术
索取号:P467/102
 
预约/预借
| 序号 | 登录号 | 条形码 | 馆藏地/架位号 | 状态 | 备注 |
| 1 | 1118134 | 211181344 | 第二样本阅览室/ [索取号:P467/102] | 在馆 | |
| 2 | 1118135 | 211181353 | 第三借阅区/ [索取号:P467/102] | 在馆 | |
| 3 | 1118136 | 211181362 | 第三借阅区/ [索取号:P467/102] | 在馆 | |
| 4 | 1118137 | 211181371 | 第三借阅区/ [索取号:P467/102] | 在馆 | |
| 5 | 1118138 | 211181380 | 第三借阅区/ [索取号:P467/102] | 在馆 |